Statistics for FIFA FOOTBALL TOP GOAL SCORERS SINCE 2020

Click here to take the quiz!

General Stats

  • This quiz has been taken 106 times
  • The average score is 15 of 20

Answer Stats

HintAnswer% Correct
2023 (36)Erling Haaland
97%
2021 (23)Harry Kane
94%
2023 (23)Robert Lewandowski
94%
2022 (35)Robert Lewandowski
94%
2021 (41)Robert Lewandowski
94%
2020 (34)Robert Lewandowski
94%
2022 (23)Mohamed Salah
92%
2022 (28)Kylian Mbappé
85%
2021 (27)Kylian Mbappé
85%
2023 (29)Kylian Mbappé
85%
2020 (18)Kylian Mbappé / Wissam Ben Yedder
85%
2021 (30)Lionel Messi
85%
2020 (25)Lionel Messi
85%
2021 (29)Cristiano Ronaldo
73%
2022 (27)Karim Benzema
65%
2022 (27)Ciro Immobile
54%
2020 (36)Ciro Immobile
54%
2023 (26)Victor Osimhen
46%
2020 (23)Jamie Vardy
41%
2023 (16)Niclas Füllkrug / Christopher Nkunku
34%

Score Distribution

Percentile by Number Answered

Percent of People with Each Score

Your Score History

You have not taken this quiz